Tan largo me lo fiais : por P.Calderon de la Barca. Intro., texto, anotaciones criticas y epilogo por X.A.Fernandez.

Saved in:
Bibliografiske detaljer
Hovedforfatter: Calderón de la Barca, Pedro, 1600-1681
Andre forfattere: Fernandez, Xavier A.
Format: Bog
Sprog:Spanish
Udgivet: Madrid : Revista Estudios, 1967.
LEADER 00794nam a22001931 4500
001 c000194578
003 CARM
005 20021125001700.0
008 851003s1967 sp 0 spa d
019 1 |a 3964405  |5 LACONCORD2021 
035 |a (OCoLC)216895556  |5 LACONCORD2021 
100 2 |a Calderón de la Barca, Pedro,  |d 1600-1681. 
245 1 0 |a Tan largo me lo fiais :  |b por P.Calderon de la Barca. Intro., texto, anotaciones criticas y epilogo por X.A.Fernandez. 
260 |a Madrid :  |b Revista Estudios,  |c 1967. 
700 1 |a Fernandez, Xavier A. 
852 8 |b CARM  |h A2:AK16G0  |i C08119  |p 0293701  |f BK 
082 0 4 |a 862.3 
999 f f |i bd4885b3-ecce-56b2-9fb0-16655d393f67  |s f77dfdfc-635e-5038-8632-d9baf7089d6b 
952 f f |p Can circulate  |a CAVAL  |b CAVAL  |c CAVAL  |d CARM 1 Store  |e C08119  |f A2:AK16G0  |h Other scheme  |i book  |m 0293701